书目信息 |
| 题名: |
没有什么不可能
|
|
| 作者: | 史蒂文斯 , 柯钧 著 | |
| 分册: | ||
| 出版信息: | 北京 九州出版社 2004 |
|
| 页数: | 181页 | |
| 开本: | 21cm | |
| 丛书名: | ||
| 单 册: | ||
| 中图分类: | B825-49 , B825 | |
| 科图分类: | ||
| 主题词: | 修养 , 男性--修养--通俗读物 , 男性 , 伦理学 | |
| 电子资源: | ||
| ISBN: | 7-80195-155-7 | |
| 000 | 01092nam0 2200325 450 | |
| 001 | 0952975394 | |
| 005 | 20090929144417.51 | |
| 010 | @a7-80195-155-7@dCNY17.80 | |
| 100 | @a20041215d2004 em y0chiy50 ea | |
| 101 | 1 | @achi@ceng |
| 102 | @aCN@b110000 | |
| 105 | @ay z 000yy | |
| 106 | @ar | |
| 200 | 1 | @a没有什么不可能@e培养最优秀的男人@f(美)海姆斯·史蒂文斯(Hyams Stevens),柯钧著@Amei you shen me bu ke neng |
| 210 | @a北京@c九州出版社@d2004 | |
| 215 | @a181页@d21cm | |
| 304 | @a版权页题:柯钧,(美)海姆斯·史蒂文斯著 | |
| 330 | @a本书共分六部分,分别就学习、纪律、毅力、努力、自信和思维方面如何训练男人进行详述。 | |
| 510 | 1 | @aImpossible is Nothing@zeng |
| 517 | 1 | @a培养最优秀的男人@Apei yang zui you xiu de nan ren |
| 606 | 0 | @a修养 |
| 606 | 0 | @a男性@x修养@j通俗读物 |
| 606 | 0 | @a男性 |
| 606 | 0 | @a伦理学 |
| 690 | @aB825-49@v4 | |
| 690 | @aB825@v4 | |
| 701 | 0 | @c(美)@a史蒂文斯@c(Stevens, Hyams)@4著@Ashi di wen si |
| 701 | 0 | @a柯钧@4著@Ake jun |
| 801 | 0 | @aCN@b大连网信软件有限公司图书馆·11@c20090929 |
| 905 | @a10447@dB825@eJY82 | |
| 没有什么不可能:培养最优秀的男人/(美)海姆斯·史蒂文斯(Hyams Stevens),柯钧著.-北京:九州出版社,2004 |
| 181页;21cm |
| ISBN 7-80195-155-7:CNY17.80 |
| 本书共分六部分,分别就学习、纪律、毅力、努力、自信和思维方面如何训练男人进行详述。 |
| ● |
| 相关链接 |
|
|
|
|
正题名:没有什么不可能
索取号:B825/JY82
 
预约/预借
| 序号 | 登录号 | 条形码 | 馆藏地/架位号 | 状态 | 备注 |
| 1 | 7820086 | 278200867 | 学院路分馆/ [索取号:B825/JY82] | 在馆 | |
| 2 | 7820087 | 278200876 | 学院路分馆/ [索取号:B825/JY82] | 在馆 | |
| 3 | 7820088 | 278200885 | 学院路分馆/ [索取号:B825/JY82] | 在馆 | |
| 4 | 7820089 | 278200894 | 学院路分馆/ [索取号:B825/JY82] | 在馆 |